LEADER 00887nam0-22003251i-450- 001 990005953730403321 005 20100218100507.0 035 $a000595373 035 $aFED01000595373 035 $a(Aleph)000595373FED01 035 $a000595373 100 $a20000112d1981----km-y0itay50------ba 101 0 $aita 105 $a--------00-yy 200 1 $aCorso di diritto marittimo$fFRANCESCO BERLINGIERI 210 $aMilano$cGiuffrè$d1981 215 $a2 v.$d22 cm 300 $aParte generale - Appendice. 676 $a342.096 700 1$aBerlingieri,$bFrancesco$0226343 801 0$aIT$bUNINA$gRICA$2UNIMARC 901 $aBK 912 $a990005953730403321 952 $aVIII N 378$b112066$fFGBC 952 $aDPR 33-164$b3170$fDEC 952 $aDPR 33-164/2$b3171$fDEC 959 $aFGBC 959 $aDEC 996 $aCorso di diritto marittimo$9243663 997 $aUNINA LEADER 00866nam0-22003011i-450- 001 990001849460403321 005 20080213122900.0 035 $a000184946 035 $aFED01000184946 035 $a(Aleph)000184946FED01 035 $a000184946 100 $a20030910d1907----km-y0itay50------ba 101 0 $aita 200 1 $aNote dietologiche sulla mosca delle olive$fG. Martelli 210 $aPortici$c[s.e.]$d1907 215 $ap. 3-12$d26 cm 300 $aEstr. da: Bollettino del Laboratorio di zoologia generale e agraria, 2, 1907. 610 0 $aOlive 610 0 $aDiptera 676 $a634.639 700 1$aMartelli,$bG.$073470 801 0$aIT$bUNINA$gRICA$2UNIMARC 901 $aBK 912 $a990001849460403321 952 $a60 MISC. B 72/19$fFAGBC 959 $aFAGBC 996 $aNote dietologiche sulla mosca delle olive$9413356 997 $aUNINA